| 000 | 00384 a2200145 4500 | ||
|---|---|---|---|
| 999 |
_c530826 _d530826 |
||
| 003 | NUST | ||
| 005 | 20191015124610.0 | ||
| 008 | 191015b ||||| |||| 00| 0 eng d | ||
| 038 | _aMSOHAIL | ||
| 082 | _a0 | ||
| 100 |
_aNicholson, Reynold _923915 |
||
| 245 | _aThe mathmawi of Jalal-ud-din Rumi - Vol 4-6 | ||
| 260 |
_aLahore _bIslamic Book Service _c |
||
| 942 |
_aNUST-CAE _2ddc _cBVOL |
||